000 00798cam a22002654a 4500
003 UPN
005 20230316063556.0
008 090211s2004 es a r 000 j spa d
020 _a8426133991
035 _aUPN01000169176
040 _aUPN
_bspa
_cUPN
049 _aI
050 4 _aPZ8.2
_bG7.8 2004b
100 1 _aGrahame, Kenneth,
_d1859-1932
_930398
245 1 3 _aEl viento en los sauces /
_cKenneth Grahame ; il. Ernest H. Shepard ; tr. Mariá Manent.
250 _aPrimera edición
260 _aBarcelona, Esp. :
_bJuventud,
_c2004.
300 _a232 p. :
_bil.
490 0 _aJuventud
534 _pTraducción de:
_tThe wind in the willows
650 4 _aCuentos infantiles ingleses
_910002
650 0 _aAnimales
_vCuentos y leyendas
_9234
905 _aLibro
942 _2lcc
_cLIBRO
999 _c141282
_d141282